Normal view
MARC view
Entry Personal Name
001 - CONTROL NUMBER
- control field: 46705
003 - CONTROL NUMBER IDENTIFIER
- control field: ARRUPE
005 - DATE AND TIME OF LATEST TRANSACTION
- control field: 20190701125241.0
008 - FIXED-LENGTH DATA ELEMENTS
- fixed length control field: 190701|| aca||aabn | a|a d
040 ## - CATALOGING SOURCE
- Original cataloging agency: ARRUPE
- Transcribing agency: ARRUPE
100 ## - HEADING--PERSONAL NAME
- Personal name: Galbraith, John Kenneth
670 ## - SOURCE DATA FOUND
- Source citation: Work cat.: (ARRUPE)93985: Galbraith, John Kenneth, Economics and the public purpose, 1973